000 00917 a2200253 4500
001 43216
005 20260407155716.0
008 260407a1960 arg spa d
003 AR-UNSa-BCEJYS
040 _aAR-UNSa-BCEJYS
_bspa
_cAR-UNSa-BCEJYS
080 _a338.5.01
_xTeorías de los precios
245 1 0 _aEnsayos sobre la teoría de los precios
264 1 _aMadrid :
_bAguilar
_c1960
300 _axv, 526 p.
_c22 cm.
505 _a1. La utilidad y la demanda - 2. Costes y rendimientos - 3. los "stocks" en la teoría de los precios - 4. Teoría de la empresa - 5. La competencia imperfecta - 6. LA competencia espacial - 7. Teoría de los juegos
041 _aspa
942 _cBK
590 _aniveau_biblio:m niveau_hierar:0
100 1 _aStigler, George J.
700 1 _aBoulding, Kenneth E.
700 1 _aCulebras, Josefina
700 1 _aBarinaga Blanco, Jose Luis
700 1 _aPlatas, Gonzalo
999 _c3668
_d3668